S.A Kader The Hindu Succession Act 1956/ (Record no. 205279)

MARC details
000 -LEADER
fixed length control field 00581nam a22001937a 4500
005 - DATE AND TIME OF LATEST TRANSACTION
control field 20240823162149.0
010 ## - LCCN (DPL NO)
LC control number ENG-141447
020 ## - INTERNATIONAL STANDARD BOOK NUMBER
International Standard Book Number 9788171773718
Terms of availability 1125.00
035 ## - SYSTEM CONTROL NUMBER
System control number EN-124979
037 ## - SOURCE OF ACQUISITION
Source of stock number/acquisition DBAD
082 ## - DEWEY DECIMAL CLASSIFICATION NUMBER
Classification number 347.6
Edition number 3
100 ## - MAIN ENTRY--PERSONAL NAME
Personal name Dey, D.P.
245 ## - TITLE STATEMENT
Title S.A Kader The Hindu Succession Act 1956/
Statement of responsibility, etc By D.P. Dey
250 ## - EDITION STATEMENT
Edition statement 3
260 ## - PUBLICATION, DISTRIBUTION, ETC. (IMPRINT)
Place of publication, distribution, etc Kolkata
Name of publisher, distributor, etc Eastern Law House
Date of publication, distribution, etc 2022
270 ## - ADDRESS
Address 54 Ganesh Chunder Avenue
City Kolkata
Postal code 700013
Telephone number 033-22151989
Electronic mail address mail@elh.co.in
300 ## - PHYSICAL DESCRIPTION
Extent 45,588p.
Dimensions 23cm(Hb)
Other physical details Index
942 ## - ADDED ENTRY ELEMENTS (KOHA)
Source of classification or shelving scheme Dewey Decimal Classification
Item type English Books
Classification part 347.6
Call number suffix DEY
Holdings
Withdrawn status Lost status Not for loan Collection code Home library Current library Date acquired Source of acquisition Cost, normal purchase price Full call number Barcode Copy number Cost, replacement price Koha item type
      Non-fiction Shahdara Branch Shahdara Branch 23/08/2024 DBAD 1125.00 347.6 DEY EN-124979 1 1125.00 English Books

© Delhi Public Library
Hit Counter
free hit counter